000 00294nam a22001337a 4500
008 190205b xxu||||| |||| 00| 0 eng d
020 _a0816420033
041 _aeng
080 _a201
100 _a24
101 _aTEO
245 _aBlack Theology & Black Power
_cCone, J.H
942 _2udc
_cBK
999 _c53955
_d53955